000 00316nam a22001217a 4500
020 _a9788170358282
082 _a631.450954
_bRAO/SO
100 _aRao,Madireddi V. Subba
_9769
245 _aSoil Conservation Management and Analysis
260 _aNew Delhi
_bDaya Publishing House
_c2014
300 _a118
942 _cBK
999 _c14462
_d14462